| 000 -LEADER |
| fixed length control field |
01500pab a2200181 454500 |
| 008 - FIXED-LENGTH DATA ELEMENTS--GENERAL INFORMATION |
| fixed length control field |
180718b2014 xxu||||| |||| 00| 0 eng d |
| 100 ## - MAIN ENTRY--PERSONAL NAME |
| Personal name |
Lindsay, Colin |
| 245 ## - TITLE STATEMENT |
| Title |
The 'new public governance' and employability services in an era of crisis: Challenges for third sector organizations in Scotland |
| 260 ## - PUBLICATION, DISTRIBUTION, ETC. |
| Date of publication, distribution, etc. |
2014 |
| 300 ## - PHYSICAL DESCRIPTION |
| Extent |
p.192-207. |
| 520 ## - SUMMARY, ETC. |
| Summary, etc. |
Third sector organizations (TSOs) have emerged as key players in the delivery of public services to assist jobless people to improve their employability and move from welfare to work. Drawing on in-depth research with employability providers in Scotland, this article explores how TSOs have responded to the challenges of a rapidly changing public services environment. Specifically. we use the concept of the 'New Public Governance' to explore TSOs' relationships with UK. devolved and local government stakeholders. TSOs demonstrated a pragmatic approach to shaping their services to reflect the priorities of public funders, and identified some opportunities arising from the new emphasis on 'localism'. However, the evidence suggests that opportunities for collaboration at times remained constrained by certain forms of 'contractualism' and top-down performance management. Based on the evidence, lessons for future policy and practice are considered. - Reproduced. |
| 650 ## - SUBJECT ADDED ENTRY--TOPICAL TERM |
| Topical term or geographic name entry element |
Public administration |
| 700 ## - ADDED ENTRY--PERSONAL NAME |
| Personal name |
Bond, Sue |
| 700 ## - ADDED ENTRY--PERSONAL NAME |
| Personal name |
Osborne, Stephen P. |
| 773 ## - HOST ITEM ENTRY |
| Main entry heading |
Public Administration |
| 908 ## - PUT COMMAND PARAMETER (RLIN) |
| Put command parameter |
N |
| 909 ## - |
| -- |
103784 |